00618nam a2200181Ia 450000500170000000800410001702000150005808200130007310000380008624500630012426000840018730000130027165000140028465000220029894200060032095200950032699900150042120240717013213.0240331s9999 xx 000 0 und d a9628576879 bBira200 aPeace commission of the Hong Kong 0aBirds in the cage :bfreedom of religious beliefs in China aHong KongbJustice and Peace Commission of the Hong Kong Catholic Diocesec2004 a108 p ., aReligious aRepublic of China cL 001040708LaWERCLbWERCLcSSCd2024-03-31l0o 200 Birp5732r2024-03-31w2024-03-31yL c1345d1345